History : (Record no. 10250)

MARC details
000 -LEADER
fixed length control field 01499cam a2200361 i 4500
001 - CONTROL NUMBER
control field 11841336
003 - CONTROL NUMBER IDENTIFIER
control field EG-ScBUE
005 - DATE AND TIME OF LATEST TRANSACTION
control field 20230619101556.0
008 - FIXED-LENGTH DATA ELEMENTS--GENERAL INFORMATION
fixed length control field 991112t2000 enkab f b 001 0 eng d
020 ## - INTERNATIONAL STANDARD BOOK NUMBER
International Standard Book Number 019285352X
020 ## - INTERNATIONAL STANDARD BOOK NUMBER
International Standard Book Number 9780192853523
040 ## - CATALOGING SOURCE
Original cataloging agency DLC
Language of cataloging eng
Description conventions rda
Transcribing agency DLC
Modifying agency DLC
-- EG-ScBUE
082 04 - DEWEY DECIMAL CLASSIFICATION NUMBER
Classification number 901
Edition number 22
Item number ARN
100 1# - MAIN ENTRY--PERSONAL NAME
Personal name Arnold, John,
Dates associated with a name 1969-
Relator term author.
245 10 - TITLE STATEMENT
Title History :
Remainder of title a very short introduction /
Statement of responsibility, etc John H. Arnold.
264 #1 - PUBLICATION, DISTRIBUTION, ETC. (IMPRINT)
Place of publication, distribution, etc Oxford :
-- New York :
Name of publisher, distributor, etc Oxford University Press,
Date of publication, distribution, etc [2000]
264 #4 - PUBLICATION, DISTRIBUTION, ETC. (IMPRINT)
Date of publication, distribution, etc c2000
300 ## - PHYSICAL DESCRIPTION
Extent 134 pages :
Other physical details illustrations, maps ;
Dimensions 18 cm
336 ## - CONTENT TYPE
Source rdacontent
Content type term text
Content type code txt
337 ## - MEDIA TYPE
Source rdamedia
Media type term unmediated
Media type code n
338 ## - CARRIER TYPE
Source rdacarrier
Carrier type term volume
Carrier type code nc
504 ## - BIBLIOGRAPHY, ETC. NOTE
Bibliography, etc Includes bibliographical references and index.
650 #7 - SUBJECT ADDED ENTRY--TOPICAL TERM
Topical term or geographic name as entry element History
General subdivision Philosophy.
Source of heading or term BUEsh
650 #7 - SUBJECT ADDED ENTRY--TOPICAL TERM
Topical term or geographic name as entry element History, Methodology.
Source of heading or term BUEsh
650 #7 - SUBJECT ADDED ENTRY--TOPICAL TERM
Topical term or geographic name as entry element Historiography.
Source of heading or term BUEsh
655 ## - INDEX TERM--GENRE/FORM
Form subdivision Reading book
856 42 - ELECTRONIC LOCATION AND ACCESS
Materials specified Publisher description
Uniform Resource Identifier <a href="http://www.loc.gov/catdir/enhancements/fy0604/99057694-d.html">http://www.loc.gov/catdir/enhancements/fy0604/99057694-d.html</a>
856 41 - ELECTRONIC LOCATION AND ACCESS
Materials specified Table of contents only
Uniform Resource Identifier <a href="http://www.loc.gov/catdir/enhancements/fy0604/99057694-t.html">http://www.loc.gov/catdir/enhancements/fy0604/99057694-t.html</a>
856 42 - ELECTRONIC LOCATION AND ACCESS
Materials specified Contributor biographical information
Uniform Resource Identifier <a href="http://www.loc.gov/catdir/enhancements/fy0724/99057694-b.html">http://www.loc.gov/catdir/enhancements/fy0724/99057694-b.html</a>
906 ## - LOCAL DATA ELEMENT F, LDF (RLIN)
a 7
b cbc
c orignew
d 1
e ocip
f 19
g y-gencatlg
942 ## - ADDED ENTRY ELEMENTS (KOHA)
Source of classification or shelving scheme Dewey Decimal Classification
Koha item type Book - Borrowing
Holdings
Withdrawn status Lost status Source of classification or shelving scheme Damaged status Not for loan Collection code Home library Current library Shelving location Date acquired Source of acquisition Cost, normal purchase price Total Checkouts Total Renewals Full call number Barcode Date last seen Date checked out Cost, replacement price Price effective from Koha item type Materials specified (bound volume or other part) Checked out
  Lost and Paid For Dewey Decimal Classification       Central Library Central Library Second Floor 23/10/2008   50.00 2 1 901 ARN 000014096 25/03/2009 01/03/2009 63.00 23/10/2008 Book - Borrowing    
  Lost Dewey Decimal Classification       Central Library Central Library Second Floor 23/10/2008 Purchase   3 4 901 ARN 000014097 23/06/2013 21/05/2009   23/10/2008 Book - Borrowing Lost In Inventory_2015-8-23  
    Dewey Decimal Classification     Baccah Central Library Central Library Second Floor 23/10/2008 Purchase   3 1 901 ARN 000014092 15/07/2025 17/05/2009   23/10/2008 Book - Borrowing    
    Dewey Decimal Classification     Baccah Central Library Central Library Second Floor 23/10/2008 Purchase   4 14 901 ARN 000014093 19/04/2026 19/04/2026     Book - Borrowing 19/05/2026
    Dewey Decimal Classification     Baccah Central Library Central Library Second Floor 23/10/2008 Purchase   3   901 ARN 000014094 15/07/2025 21/05/2009   23/10/2008 NB - Book (Non borrowing)